[Event "Jeudi 1"]
[Site "Ste-Foy CAN"]
[Date "2018.06.21"]
[Round "2"]
[White "Marois, Remi"]
[Black "Fecteau, Martin"]
[Result "1/2-1/2"]
[WhiteElo "1643"]
[BlackElo "1965"]
[PlyCount "75"]
[EventDate "2018.06.14"]
[EventType "swiss"]
[EventRounds "5"]
[EventCountry "CAN"]

1. e4 c5 2. Nf3 d6 3. d4 cxd4 4. Nxd4 Nf6 5. Nc3 a6 6. Bc4 e6 7. Bb3 Nc6 8. Be3
Bd7 9. f4 b5 10. Qf3 Nxd4 11. Bxd4 Bc6 12. f5 e5 13. Be3 Qc7 14. O-O-O Rc8 15.
g4 Qb7 16. Nd5 Bxd5 17. Bxd5 Nxd5 18. Rxd5 f6 19. g5 fxg5 20. Bxg5 Qf7 21. Qa3
Qc7 22. c3 Qb6 23. Kb1 Rc4 24. Re1 Be7 25. Bxe7 Kxe7 26. Rxe5+ Kd7 27. Re6 Re8
28. Rxe8 Kxe8 29. e5 Qf2 30. Rd1 Qxf5+ 31. Ka1 Qxe5 32. Qxa6 Kd7 33. Qb7+ Rc7
34. Qf3 h6 35. Qf7+ Kc6 36. Qf3+ Kd7 37. Qf7+ Kc6 38. Qf3+ 1/2-1/2

[Event "Jeudi 1"]
[Site "Ste-Foy CAN"]
[Date "2018.06.28"]
[Round "3"]
[White "Chabot, Michelin"]
[Black "Gaulin, Gaetan"]
[Result "0-1"]
[WhiteElo "1572"]
[BlackElo "1928"]
[PlyCount "130"]
[EventDate "2018.06.14"]
[EventType "swiss"]
[EventRounds "5"]
[EventCountry "CAN"]

1. d4 Nf6 2. c4 e6 3. Nc3 Bb4 4. Bg5 h6 5. Bh4 g5 6. Bg3 Ne4 7. Qc2 f5 8. e3
O-O 9. Bd3 Bxc3+ 10. bxc3 Nxg3 11. hxg3 Qf6 12. Nf3 d6 13. O-O-O Nc6 14. Rh5
Kg7 15. Rdh1 g4 16. Nd2 Rh8 17. Nb3 Bd7 18. c5 Be8 19. R5h4 Bg6 20. Qd1 h5 21.
Be2 Ne7 22. c4 b6 23. cxd6 cxd6 24. Bd3 Rac8 25. Kd2 Rh6 26. Qe2 Rch8 27. Rc1
Rc8 28. Rhh1 Rhh8 29. Rc2 Rc7 30. Rhc1 Rhc8 31. Qe1 Be8 32. Qh1 Bg6 33. Qh2 Ng8
34. Rh1 Qg5 35. Nc1 e5 36. Ne2 Qf6 37. Rhc1 Ne7 38. Qg1 e4 39. Nf4 exd3 40.
Nxd3 Bf7 41. Nf4 Kf8 42. Qd1 Qg5 43. Ke1 Ng6 44. Qd3 Nxf4 45. gxf4 Qf6 46. d5
Rc5 47. g3 Kg7 48. Kd2 Rh8 49. Rh1 b5 50. Qd4 Qxd4+ 51. exd4 Rxc4 52. Rxc4 bxc4
53. Rb1 Bxd5 54. Rb5 Be4 55. Ra5 Kf6 56. Kc3 Ke6 57. a4 Rh7 58. Kxc4 Rc7+ 59.
Kb4 Bd5 60. Ra6 Rc4+ 61. Kb5 Rc7 62. Kb4 Bf3 63. Ra5 Be2 64. d5+ Kd7 65. Ka3
Kc8 0-1

[Event "Jeudi 1"]
[Site "Ste-Foy CAN"]
[Date "2018.06.28"]
[Round "3"]
[White "Garcia Casillas, Carlos"]
[Black "Fecteau, Martin"]
[Result "1-0"]
[WhiteElo "1789"]
[BlackElo "1965"]
[PlyCount "51"]
[EventDate "2018.06.14"]
[EventType "swiss"]
[EventRounds "5"]
[EventCountry "CAN"]

1. e4 c5 2. Nf3 d6 3. d4 cxd4 4. Nxd4 Nf6 5. Nc3 a6 6. Be3 e5 7. Nb3 Be6 8. f3
Nbd7 9. Qd2 h5 10. h4 Qc7 11. O-O-O Nb6 12. Qf2 Nc4 13. Bg5 b5 14. Kb1 Rc8 15.
Nd5 Nxd5 16. exd5 Bf5 17. Bd3 Bd7 18. f4 Bg4 19. Rde1 Kd7 20. Bxc4 Qxc4 21.
fxe5 Qxd5 22. Rhf1 Be6 23. exd6 Bxd6 24. Rd1 Qc4 25. Rd4 Qc6 26. Rfd1 1-0

[Event "Jeudi 1"]
[Site "Ste-Foy CAN"]
[Date "2018.06.28"]
[Round "3"]
[White "Leblanc-Legault, Mathieu"]
[Black "Auger, Bertrand"]
[Result "0-1"]
[WhiteElo "1702"]
[BlackElo "1956"]
[PlyCount "134"]
[EventDate "2018.06.14"]
[EventType "swiss"]
[EventRounds "5"]
[EventCountry "CAN"]

1. c3 Nf6 2. d4 g6 3. Nf3 Bg7 4. Bg5 O-O 5. e3 b6 6. Be2 Bb7 7. Nbd2 d6 8. O-O
Nbd7 9. c4 h6 10. Bh4 c5 11. Rb1 e6 12. Bg3 Qc7 13. a3 Nh5 14. Bd3 Rac8 15. Qe2
Rfe8 16. Rfc1 a6 17. Be4 Nxg3 18. hxg3 d5 19. Bd3 dxc4 20. Bxc4 b5 21. Bd3 c4
22. Be4 Bd5 23. Bxd5 exd5 24. Ra1 f5 25. Nb1 f4 26. gxf4 Qxf4 27. Qc2 Qg4 28.
Nc3 Rf8 29. Qe2 Rf5 30. Nh2 Qxe2 31. Nxe2 h5 32. Nf3 Re8 33. Ng3 Rf7 34. Re1
Bf6 35. Rac1 Rfe7 36. b3 h4 37. Ne2 g5 38. bxc4 bxc4 39. Nc3 Nb6 40. Rb1 Re6
41. a4 a5 42. Rb5 g4 43. Ne5 Bxe5 44. dxe5 Rd8 45. Rd1 Kf7 46. Rd4 g3 47. f3
Rxe5 48. Rf4+ Ke8 49. e4 Re6 50. Rxh4 d4 51. Rh8+ Ke7 52. Rxd8 Kxd8 53. Ne2 d3
54. Nc3 d2 55. Kf1 Rd6 56. Ke2 Nxa4 57. Nd1 c3 58. Rd5 Rxd5 59. exd5 Kd7 60.
Ne3 Nb2 61. f4 d1=Q+ 62. Nxd1 c2 63. Nxb2 c1=Q 64. Nd3 Qc2+ 65. Ke3 Qxg2 66.
Ne5+ Kd6 67. Kd4 Qxd5+ 0-1

[Event "Jeudi 1"]
[Site "Ste-Foy CAN"]
[Date "2018.06.28"]
[Round "3"]
[White "Sauve, Richard"]
[Black "Marois, Remi"]
[Result "1-0"]
[WhiteElo "1860"]
[BlackElo "1643"]
[PlyCount "105"]
[EventDate "2018.06.14"]
[EventType "swiss"]
[EventRounds "5"]
[EventCountry "CAN"]

1. d4 Nf6 2. c4 g6 3. Nc3 d5 4. e3 Bg7 5. Nf3 O-O 6. b3 c5 7. cxd5 cxd4 8. Nxd4
Nxd5 9. Bb2 Nxc3 10. Bxc3 Nc6 11. Be2 Nxd4 12. Bxd4 Qa5+ 13. Qd2 Qxd2+ 14. Kxd2
Rd8 15. f4 e5 16. fxe5 Bxe5 17. Bf3 Bxd4 18. exd4 Bf5 19. Ke3 Re8+ 20. Kf2 Be4
21. Rac1 Bxf3 22. Kxf3 Rac8 23. d5 Kf8 24. d6 Rxc1 25. Rxc1 Rd8 26. Rc7 Rxd6
27. Rxb7 Ra6 28. a4 Ke8 29. h4 Rf6+ 30. Ke3 a5 31. Rb5 Ra6 32. g4 Ke7 33. Kf4
h6 34. Ke4 Ke6 35. h5 g5 36. Kd4 Kd6 37. Rf5 Ke6 38. Kc5 Ra8 39. b4 axb4 40.
Kxb4 Ra7 41. a5 Rd7 42. Rc5 Rd4+ 43. Rc4 Rxc4+ 44. Kxc4 Ke5 45. a6 Kf4 46. a7
Kxg4 47. a8=Q Kxh5 48. Kd4 f5 49. Ke5 f4 50. Kf5 Kh4 51. Qg2 h5 52. Qxg5+ Kh3
53. Kxf4 1-0

[Event "Kaptsan mem."]
[Site "Winnipeg CAN"]
[Date "2018.11.17"]
[Round "1.1"]
[White "Marshall, Carter"]
[Black "Baron, Gustav"]
[Result "0-1"]
[WhiteElo "1605"]
[BlackElo "2254"]
[PlyCount "96"]
[EventDate "2018.11.17"]
[EventType "swiss"]
[EventRounds "5"]
[EventCountry "CAN"]

1. e4 e5 2. Nc3 Nf6 3. f4 d6 4. Nf3 Nc6 5. Bb5 Bg4 6. fxe5 dxe5 7. Bxc6+ bxc6
8. h3 Bh5 9. Rg1 Bc5 10. Rf1 O-O 11. d3 Nd7 12. g4 Bg6 13. Bg5 f6 14. Bh4 a5
15. a3 Rb8 16. Na4 Be7 17. Qd2 Nc5 18. Nxc5 Bxc5 19. O-O-O Qe7 20. Qxa5 Rb5 21.
Qc3 Rfb8 22. b4 Be3+ 23. Nd2 c5 24. Rde1 Bd4 25. Qb3+ Bf7 26. Qa4 cxb4 27. axb4
Rxb4 28. Qc6 R4b5 29. Kd1 h6 30. Bf2 R5b6 31. Qa4 c5 32. Nc4 Rb4 33. Qa2 Bxc4
34. dxc4 Bc3 35. Re3 Bd4 36. Rd3 Qb7 37. Kd2 Qxe4 38. Bxd4 exd4 39. Rf5 Qg2+
40. Ke1 Re8+ 41. Kd1 Qe2+ 42. Kc1 Qe1+ 43. Rd1 Qe3+ 44. Rd2 Qg1+ 45. Rd1 Re1
46. Rf1 Qxf1 47. Qa8+ Kh7 48. Qe4+ Rxe4 0-1

[Event "Kaptsan mem."]
[Site "Winnipeg CAN"]
[Date "2018.11.17"]
[Round "1.2"]
[White "Boron, Anthony"]
[Black "Crawford, Gary"]
[Result "1-0"]
[WhiteElo "2016"]
[BlackElo "1495"]
[PlyCount "105"]
[EventDate "2018.11.17"]
[EventType "swiss"]
[EventRounds "5"]
[EventCountry "CAN"]

1. d4 Nf6 2. Bf4 e6 3. e3 b6 4. Nf3 Bb7 5. Nbd2 d6 6. Be2 Nbd7 7. O-O Nh5 8.
Bg3 Be7 9. c3 Nxg3 10. hxg3 h5 11. Nh2 g6 12. Bf3 d5 13. c4 Nf6 14. cxd5 Nxd5
15. Ne4 Qd7 16. Nc3 O-O-O 17. Nxd5 exd5 18. a4 Bb4 19. Qd3 a5 20. Rfc1 Kb8 21.
Rc2 Rc8 22. Be2 f5 23. Nf3 Bd6 24. Nh4 Rcg8 25. f4 Bc8 26. Nf3 Rh6 27. Qb5 Qxb5
28. axb5 Bd7 29. Ne5 Be8 30. Nc6+ Bxc6 31. bxc6 g5 32. Bf3 gxf4 33. gxf4 h4 34.
Bxd5 Rg7 35. Kf2 Rhg6 36. Rh1 Rg4 37. Bf3 Rh7 38. Bxg4 fxg4 39. Rcc1 Kc8 40.
Ke2 Kd8 41. Rcf1 Be7 42. e4 Rh6 43. Rc1 a4 44. Kd3 Ke8 45. e5 a3 46. bxa3 Bxa3
47. Ra1 Be7 48. d5 g3 49. Ra8+ Kf7 50. Rc8 Bc5 51. Rxc7+ Ke8 52. Rg7 Kd8 53.
Ra1 1-0

[Event "Kaptsan mem."]
[Site "Winnipeg CAN"]
[Date "2018.11.17"]
[Round "1.3"]
[White "Marshall, Ken"]
[Black "Abioye, Yemi"]
[Result "0-1"]
[WhiteElo "1475"]
[BlackElo "1886"]
[PlyCount "48"]
[EventDate "2018.11.17"]
[EventType "swiss"]
[EventRounds "5"]
[EventCountry "CAN"]

1. e4 e6 2. d4 d5 3. Nd2 Nf6 4. Ngf3 dxe4 5. Ng5 Qxd4 6. Qe2 c6 7. Ngxe4 Nxe4
8. Nxe4 Be7 9. c3 Qe5 10. Qe3 Nd7 11. Be2 Nf6 12. Nxf6+ Bxf6 13. O-O O-O 14.
Qxe5 Bxe5 15. Be3 Bf6 16. Rad1 e5 17. Rfe1 Be6 18. b3 Rfd8 19. Rxd8+ Rxd8 20.
Bxa7 Ra8 21. Be3 Rxa2 22. c4 e4 23. Rd1 Rxe2 24. Ra1 Bxa1 0-1

[Event "Kaptsan mem."]
[Site "Winnipeg CAN"]
[Date "2018.11.17"]
[Round "1.4"]
[White "Melnyk, Jim"]
[Black "Jenkins, Mark"]
[Result "1-0"]
[WhiteElo "1633"]
[BlackElo "1433"]
[PlyCount "81"]
[EventDate "2018.11.17"]
[EventType "swiss"]
[EventRounds "5"]
[EventCountry "CAN"]

1. e4 c6 2. Nc3 d5 3. Nf3 Bg4 4. exd5 cxd5 5. Be2 Nf6 6. d4 e6 7. O-O Be7 8.
Re1 O-O 9. Bf4 Nc6 10. a3 a6 11. Qd2 Bxf3 12. Bxf3 Qb6 13. Be3 Rac8 14. Rab1
Kh8 15. Qd3 Ng8 16. Ne2 Bf6 17. Red1 Nce7 18. Ng3 Rc6 19. c3 Qc7 20. Rdc1 b5
21. Nh5 g6 22. Nxf6 Nxf6 23. Bh6 Re8 24. Qd2 Neg8 25. Bf4 Qc8 26. Be5 a5 27.
Be2 Qb7 28. Qg5 Kg7 29. h4 h6 30. Qf4 Qe7 31. g4 Kh7 32. g5 Nd7 33. Bxb5 Rb6
34. Bd3 Nxe5 35. dxe5 Reb8 36. b4 Qa7 37. bxa5 Rxb1 38. Rxb1 Kg7 39. Rxb8 Qxb8
40. gxh6+ Nxh6 41. Qf6+ 1-0

[Event "Kaptsan mem."]
[Site "Winnipeg CAN"]
[Date "2018.11.17"]
[Round "1.5"]
[White "Trueman, Francis"]
[Black "Samson, Larry"]
[Result "0-1"]
[WhiteElo "1381"]
[BlackElo "1613"]
[PlyCount "83"]
[EventDate "2018.11.17"]
[EventType "swiss"]
[EventRounds "5"]
[EventCountry "CAN"]

1. Nf3 Nf6 2. d3 g6 3. Nbd2 Bg7 4. g3 O-O 5. Bg2 d6 6. O-O Nbd7 7. Re1 e5 8. e4
c6 9. a4 Nc5 10. Nc4 h6 11. b4 Na6 12. Ba3 Nc7 13. Bb2 Be6 14. Ncd2 Qc8 15. c4
Nd7 16. Nf1 Rd8 17. Ne3 Na6 18. Qd2 Qc7 19. Rac1 Rac8 20. h4 Qb8 21. Nh2 c5 22.
Bc3 Nf6 23. Bf3 h5 24. Kh1 Rc7 25. Rg1 Qc8 26. g4 hxg4 27. Nhxg4 Nxg4 28. Nxg4
Kh7 29. Qg5 Rh8 30. h5 Kg8 31. h6 Qe8 32. Kg2 Bxg4 33. hxg7 Bxf3+ 34. Kxf3 Kxg7
35. Bd2 Qe7 36. Qg2 Rcc8 37. Bg5 Qe6 38. Qg4 Qxg4+ 39. Kxg4 Nxb4 40. Rcd1 Rh2
41. Kg3 Rch8 42. Rh1 0-1

[Event "Kaptsan mem."]
[Site "Winnipeg CAN"]
[Date "2018.11.17"]
[Round "2.1"]
[White "Baron, Gustav"]
[Black "Melnyk, Jim"]
[Result "1-0"]
[WhiteElo "2254"]
[BlackElo "1633"]
[PlyCount "109"]
[EventDate "2018.11.17"]
[EventType "swiss"]
[EventRounds "5"]
[EventCountry "CAN"]

1. e4 Nc6 2. d4 e5 3. d5 Nce7 4. c4 Ng6 5. Nc3 Bb4 6. Nge2 Nf6 7. Qc2 O-O 8. a3
Bxc3+ 9. Nxc3 d6 10. g3 b6 11. Bg2 h6 12. O-O Nh7 13. f4 exf4 14. Bxf4 Nxf4 15.
gxf4 Re8 16. Rae1 Qf6 17. e5 dxe5 18. fxe5 Qe7 19. Qd2 Qc5+ 20. Kh1 Rb8 21. Qf4
Qf8 22. h4 Bd7 23. Be4 Re7 24. Rg1 f5 25. Bd3 Kh8 26. e6 Be8 27. Qxf5 Qxf5 28.
Bxf5 Nf6 29. Bg6 Rd8 30. Bxe8 Rdxe8 31. Nb5 a6 32. Nd4 Rg8 33. Nc6 Ree8 34. Ne5
Kh7 35. Nf7 g6 36. b4 Rg7 37. Rgf1 Nh5 38. Kh2 g5 39. hxg5 hxg5 40. c5 bxc5 41.
bxc5 Nf4 42. Nxg5+ Rxg5 43. Rxf4 Rxd5 44. Rf7+ Kh6 45. Rxc7 Rd2+ 46. Kg3 Rd3+
47. Kf4 Rxa3 48. Kf5 Rf8+ 49. Ke5 Rh3 50. e7 Rh5+ 51. Ke6 Ra8 52. Rc6 Kh7 53.
Kd7 Rd5+ 54. Rd6 Ra7+ 55. Kc6 1-0

[Event "Kaptsan mem."]
[Site "Winnipeg CAN"]
[Date "2018.11.17"]
[Round "2.2"]
[White "Abioye, Yemi"]
[Black "Boron, Anthony"]
[Result "1/2-1/2"]
[WhiteElo "1886"]
[BlackElo "2016"]
[PlyCount "81"]
[EventDate "2018.11.17"]
[EventType "swiss"]
[EventRounds "5"]
[EventCountry "CAN"]

1. e4 c6 2. d4 d5 3. e5 c5 4. c3 e6 5. f4 Nc6 6. Nf3 Qb6 7. Bd3 Bd7 8. Bc2 Rc8
9. a3 cxd4 10. cxd4 Nh6 11. O-O Nf5 12. Bxf5 exf5 13. Nc3 Be6 14. Na4 Qc7 15.
b4 a5 16. b5 Nd8 17. Be3 b6 18. Rc1 Qb7 19. Qb3 Be7 20. Rxc8 Bxc8 21. Rc1 O-O
22. Nxb6 Be6 23. Na4 f6 24. Qb2 fxe5 25. dxe5 Bd7 26. Nd4 g5 27. g3 gxf4 28.
gxf4 Rf7 29. Nc5 Rg7+ 30. Kh1 Bxc5 31. Rxc5 Ne6 32. Rc3 Nxd4 33. Bxd4 Rg4 34.
Qc1 Qxb5 35. e6 Bxe6 36. Rc8+ Kf7 37. Qc7+ Bd7 38. Rf8+ Kxf8 39. Qd8+ Kf7 40.
Qf6+ Ke8 41. Qh8+ 1/2-1/2

[Event "Kaptsan mem."]
[Site "Winnipeg CAN"]
[Date "2018.11.17"]
[Round "2.3"]
[White "Samson, Larry"]
[Black "Marshall, Carter"]
[Result "1-0"]
[WhiteElo "1613"]
[BlackElo "1605"]
[PlyCount "65"]
[EventDate "2018.11.17"]
[EventType "swiss"]
[EventRounds "5"]
[EventCountry "CAN"]

1. e4 c5 2. Nf3 d6 3. d4 cxd4 4. Nxd4 Nf6 5. Nc3 g6 6. f3 Bg7 7. Be3 O-O 8. Qd2
Nc6 9. O-O-O Bd7 10. Kb1 a6 11. h4 b5 12. Bh6 Nxd4 13. Bxg7 Nxf3 14. gxf3 Kxg7
15. Nd5 Nxd5 16. Qxd5 Be6 17. Qd2 Qc7 18. h5 Bc4 19. hxg6 fxg6 20. Qh6+ Kf6 21.
f4 Bxf1 22. Rdxf1 Rh8 23. f5 Ke5 24. fxg6 hxg6 25. Qg7+ Kxe4 26. Rxh8 Rxh8 27.
Qxh8 g5 28. Qg7 Qc4 29. Qxe7+ Kd4 30. Rd1+ Qd3 31. Rxd3+ Kc4 32. Rc3+ Kb4 33.
Qxd6+ 1-0

[Event "Kaptsan mem."]
[Site "Winnipeg CAN"]
[Date "2018.11.17"]
[Round "2.4"]
[White "Crawford, Gary"]
[Black "Trueman, Francis"]
[Result "1-0"]
[WhiteElo "1495"]
[BlackElo "1381"]
[PlyCount "75"]
[EventDate "2018.11.17"]
[EventType "swiss"]
[EventRounds "5"]
[EventCountry "CAN"]

1. e4 d6 2. Nf3 Nf6 3. Nc3 g6 4. h3 Bg7 5. d4 O-O 6. Bc4 h6 7. Be3 a5 8. Qd2
Kh7 9. O-O-O Bd7 10. a3 a4 11. e5 Ne8 12. Rdg1 f6 13. exf6 Nxf6 14. Ne2 Nc6 15.
Bd3 Be8 16. g4 Nd5 17. Nh4 Nxe3 18. fxe3 e5 19. Bxg6+ Bxg6 20. Nxg6 Kxg6 21.
Qd3+ Kf7 22. Qf5+ Kg8 23. Qe6+ Kh8 24. h4 Rf6 25. Qd5 Ra5 26. Qg2 Qf8 27. Kd1
Rf2 28. Qh3 Rf3 29. Rg3 Rxg3 30. Qxg3 exd4 31. g5 Be5 32. Nf4 dxe3 33. Ng6+ Kh7
34. Nxf8+ Kg7 35. Ne6+ Kh7 36. g6+ Kg8 37. Qf3 Rd5+ 38. Kc1 1-0

[Event "Kaptsan mem."]
[Site "Winnipeg CAN"]
[Date "2018.11.17"]
[Round "2.5"]
[White "Jenkins, Mark"]
[Black "Marshall, Ken"]
[Result "0-1"]
[WhiteElo "1433"]
[BlackElo "1475"]
[PlyCount "72"]
[EventDate "2018.11.17"]
[EventType "swiss"]
[EventRounds "5"]
[EventCountry "CAN"]

1. d4 d5 2. c4 c6 3. Nc3 Nf6 4. Nf3 Bf5 5. e3 Nbd7 6. Bd3 Bg6 7. O-O Ne4 8.
cxd5 Nxc3 9. bxc3 cxd5 10. Bxg6 hxg6 11. Qb3 Nb6 12. Ba3 e6 13. Bxf8 Kxf8 14.
Ne5 Qh4 15. h3 Qg5 16. Qb4+ Kg8 17. Nf3 Qf6 18. Rac1 g5 19. Ne5 Rc8 20. Qd6 Nc4
21. Qd7 Rd8 22. Qc7 Rf8 23. Nd7 Qe7 24. Qxb7 Nd6 25. Qc7 Rd8 26. Rb1 Qxd7 27.
Qxd7 Rxd7 28. Rb2 Ne4 29. Rb3 f5 30. Ra3 g4 31. hxg4 fxg4 32. Rb1 Kf7 33. Rb4
g3 34. fxg3 Nxg3 35. Rab3 Kg6 36. c4 Rf7 0-1

[Event "Kaptsan mem."]
[Site "Winnipeg CAN"]
[Date "2018.11.17"]
[Round "3.1"]
[White "Samson, Larry"]
[Black "Baron, Gustav"]
[Result "0-1"]
[WhiteElo "1613"]
[BlackElo "2254"]
[PlyCount "156"]
[EventDate "2018.11.17"]
[EventType "swiss"]
[EventRounds "5"]
[EventCountry "CAN"]

1. e4 c5 2. Nf3 d6 3. d4 cxd4 4. Nxd4 Nf6 5. Nc3 g6 6. f3 Bg7 7. Be3 O-O 8. Qd2
Nc6 9. O-O-O Bd7 10. Kb1 Rc8 11. h4 h5 12. Nxc6 bxc6 13. Bh6 Rb8 14. Bxg7 Kxg7
15. Qd4 Qb6 16. Qxb6 axb6 17. Be2 b5 18. Rdg1 b4 19. Nd1 Ra8 20. Bc4 e6 21. Bb3
c5 22. Ne3 Bc6 23. Rd1 Rfd8 24. c4 bxc3 25. bxc3 Rab8 26. c4 d5 27. exd5 exd5
28. Ka1 d4 29. Nf1 Rb7 30. Nd2 Re7 31. Rde1 Rde8 32. Rxe7 Rxe7 33. Bd1 Nd7 34.
Nb3 Ba4 35. Kb1 Re3 36. Kc1 Rc3+ 37. Kd2 Rxc4 38. Na5 Rb4 39. a3 Rb2+ 40. Kc1
Ra2 41. Bxa4 Nb6 42. Bd1 Rxa3 43. Nb7 c4 44. Kb2 Rd3 45. Nc5 Rd2+ 46. Kc1 Rxg2
47. Ne4 Nd5 48. Nd6 Ne3 49. Ba4 Ra2 50. Bd1 c3 51. Kb1 c2+ 52. Bxc2 Rxc2 53.
Rc1 Rxc1+ 54. Kxc1 Nf5 55. Nxf5+ gxf5 56. f4 Kf6 57. Kd2 Ke6 58. Kd3 Kd5 59.
Ke2 Ke4 60. Kd2 d3 61. Ke1 Kxf4 62. Kd2 Ke4 63. Ke1 Ke3 64. Kd1 f4 65. Ke1 f5
66. Kd1 f3 67. Ke1 f2+ 68. Kf1 d2 69. Kg2 f1=Q+ 70. Kxf1 d1=Q+ 71. Kg2 Qf3+ 72.
Kh2 Qe2+ 73. Kg3 f4+ 74. Kh3 Qg4+ 75. Kh2 f3 76. Kh1 f2 77. Kh2 Kf3 78. Kh1
Qg2# 0-1

[Event "Kaptsan mem."]
[Site "Winnipeg CAN"]
[Date "2018.11.17"]
[Round "3.2"]
[White "Boron, Anthony"]
[Black "Marshall, Ken"]
[Result "1-0"]
[WhiteElo "2016"]
[BlackElo "1475"]
[PlyCount "87"]
[EventDate "2018.11.17"]
[EventType "swiss"]
[EventRounds "5"]
[EventCountry "CAN"]

1. d4 d5 2. Bf4 Bf5 3. e3 e6 4. Bd3 Bxd3 5. Qxd3 Bd6 6. Bg3 Bxg3 7. hxg3 Nf6 8.
Nd2 Nbd7 9. Ngf3 Qe7 10. c3 e5 11. dxe5 Nxe5 12. Nxe5 Qxe5 13. Qb5+ c6 14. Qxb7
O-O 15. Qxc6 Rab8 16. Nb3 Rfc8 17. Qa6 Qe7 18. Qe2 h6 19. g4 Ne4 20. O-O Qe6
21. Nd4 Qg6 22. Nf5 Re8 23. Rfd1 Rbd8 24. Rd4 h5 25. Rad1 Re5 26. Rxd5 Rdxd5
27. Rxd5 Re6 28. gxh5 Qf6 29. Qg4 g6 30. hxg6 fxg6 31. f3 Ng5 32. Nh6+ Kg7 33.
Qxg5 Qxg5 34. Rxg5 Kxh6 35. Ra5 Rxe3 36. Kf2 Re7 37. f4 Rf7 38. g4 Rxf4+ 39.
Kg3 Rf7 40. Ra6 Rb7 41. b3 Rd7 42. c4 Rd3+ 43. Kh4 Rd7 44. a3 1-0

[Event "Kaptsan mem."]
[Site "Winnipeg CAN"]
[Date "2018.11.17"]
[Round "3.3"]
[White "Melnyk, Jim"]
[Black "Abioye, Yemi"]
[Result "0-1"]
[WhiteElo "1633"]
[BlackElo "1886"]
[PlyCount "106"]
[EventDate "2018.11.17"]
[EventType "swiss"]
[EventRounds "5"]
[EventCountry "CAN"]

1. e4 e6 2. d4 d5 3. exd5 exd5 4. Nf3 Nf6 5. Be2 Bd6 6. Nc3 c6 7. O-O O-O 8.
Re1 Bg4 9. Qd3 Qc7 10. h3 Bh5 11. Bf1 Nbd7 12. Be3 Bb4 13. Be2 Bg6 14. Qd1 Ne4
15. Bd2 Nxd2 16. Qxd2 Nf6 17. a3 Ne4 18. Qe3 Bxc3 19. bxc3 b5 20. Bd3 Rfe8 21.
Ne5 f6 22. Nxg6 hxg6 23. Qf3 f5 24. a4 a6 25. axb5 axb5 26. Rab1 Nxc3 27. Rxe8+
Rxe8 28. Ra1 Ne4 29. Re1 Ra8 30. g4 Rf8 31. Re2 Qa7 32. Bxe4 fxe4 33. Qc3 Qb6
34. Qb4 Qa6 35. c3 Qa4 36. Qb1 Ra8 37. Rc2 Qa1 38. Qxa1 Rxa1+ 39. Kg2 Kf7 40.
Kg3 g5 41. Re2 Rd1 42. Re3 b4 43. cxb4 Rxd4 44. f3 Rxb4 45. fxe4 Rxe4 46. Rb3
Re6 47. h4 gxh4+ 48. Kxh4 Ke7 49. Kg5 Kd6 50. Kf5 c5 51. g5 g6+ 52. Kg4 d4 53.
Ra3 Kd5 0-1

[Event "Kaptsan mem."]
[Site "Winnipeg CAN"]
[Date "2018.11.17"]
[Round "3.4"]
[White "Marshall, Carter"]
[Black "Crawford, Gary"]
[Result "0-1"]
[WhiteElo "1605"]
[BlackElo "1495"]
[PlyCount "74"]
[EventDate "2018.11.17"]
[EventType "swiss"]
[EventRounds "5"]
[EventCountry "CAN"]

1. e4 e5 2. Nc3 c6 3. f4 exf4 4. Nf3 d6 5. d4 Bg4 6. Bxf4 Nd7 7. h3 Bh5 8. g4
Bg6 9. Bd3 Be7 10. h4 h6 11. e5 Bxd3 12. Qxd3 dxe5 13. dxe5 Nc5 14. Qxd8+ Rxd8
15. g5 Ne6 16. Be3 hxg5 17. Kf2 gxh4 18. Bxa7 g5 19. Rag1 f5 20. Be3 g4 21.
Nxh4 Rxh4 22. Kg3 Rxh1 23. Rxh1 Kf7 24. Ne2 Kg6 25. Nf4+ Nxf4 26. Kxf4 Bg5+ 27.
Kg3 Bxe3 28. e6 Nh6 29. Rd1 f4+ 30. Kg2 Rxd1 31. e7 Kf7 32. e8=Q+ Kxe8 33. c4
f3+ 34. Kg3 f2 35. b4 f1=Q 36. b5 Qf3+ 37. Kh4 Rh1# 0-1

[Event "Kaptsan mem."]
[Site "Winnipeg CAN"]
[Date "2018.11.17"]
[Round "3.5"]
[White "Trueman, Francis"]
[Black "Jenkins, Mark"]
[Result "1-0"]
[WhiteElo "1381"]
[BlackElo "1433"]
[PlyCount "105"]
[EventDate "2018.11.17"]
[EventType "swiss"]
[EventRounds "5"]
[EventCountry "CAN"]

1. Nf3 d5 2. d3 Nf6 3. Nbd2 e6 4. g3 Bd6 5. Bg2 O-O 6. O-O c5 7. a4 Nc6 8. Re1
Qc7 9. e4 Bd7 10. c3 Rad8 11. Qe2 dxe4 12. dxe4 b6 13. Nc4 Bc8 14. e5 Ba6 15.
exd6 Rxd6 16. Bf4 e5 17. Bg5 Na5 18. Bxf6 Bxc4 19. Qxe5 gxf6 20. Qf4 Qd7 21.
Rab1 Rd8 22. b4 cxb4 23. cxb4 Bd3 24. bxa5 Bxb1 25. Rxb1 Rd1+ 26. Rxd1 Qxd1+
27. Bf1 bxa5 28. Qxf6 Rd6 29. Qg5+ Rg6 30. Qxa5 Qxf3 31. Qd2 h5 32. Bg2 Qf6 33.
Be4 Qa1+ 34. Kg2 Rg4 35. f3 Rg5 36. Qd8+ Kg7 37. Qxg5+ Kf8 38. Qd8+ Kg7 39.
Qg5+ Kf8 40. Qxh5 Qa2+ 41. Kh3 Qe6+ 42. Bf5 Qa6 43. Qh8+ Ke7 44. Qe5+ Kf8 45.
Qe4 Qh6+ 46. Kg2 Qd2+ 47. Kh3 Qh6+ 48. Qh4 Qa6 49. Kg2 Qe2+ 50. Kh3 Qf1+ 51.
Kg4 Qc4+ 52. Kg5 Qc1+ 53. Qf4 1-0

[Event "Kaptsan mem."]
[Site "Winnipeg CAN"]
[Date "2018.11.18"]
[Round "4.1"]
[White "Baron, Gustav"]
[Black "Boron, Anthony"]
[Result "0-1"]
[WhiteElo "2254"]
[BlackElo "2016"]
[PlyCount "127"]
[EventDate "2018.11.17"]
[EventType "swiss"]
[EventRounds "5"]
[EventCountry "CAN"]

1. e4 e6 2. d4 d5 3. Nd2 dxe4 4. Nxe4 Bd7 5. Nf3 Bc6 6. Bd3 Nd7 7. c3 Ngf6 8.
Bg5 Be7 9. Bxf6 Bxf6 10. O-O a5 11. Re1 O-O 12. Qe2 g6 13. Rad1 Bg7 14. h4 Nf6
15. Neg5 Bxf3 16. Qxf3 Qd5 17. Qxd5 Nxd5 18. g3 c6 19. Kg2 Rfe8 20. f4 a4 21.
a3 b5 22. Kf3 h5 23. Ne4 Reb8 24. Bb1 Bf8 25. Ba2 Kg7 26. Re2 Nf6 27. Ng5 Nd5
28. Rg2 Be7 29. Ne4 Nf6 30. Nf2 Rh8 31. Nd3 Bd6 32. Rgd2 Rac8 33. Nf2 Rc7 34.
Nh3 Nd5 35. Ng5 Be7 36. Bxd5 exd5 37. Nh3 Bd6 38. Re2 Rd8 39. Nf2 Re7 40. Rxe7
Bxe7 41. Re1 Kf6 42. g4 Bd6 43. g5+ Kg7 44. Nd1 f6 45. Re6 fxg5 46. fxg5 Rf8+
47. Kg2 Rd8 48. Nf2 Kf7 49. Rf6+ Kg7 50. Nd3 Rd7 51. Re6 Kf7 52. Rf6+ Kg7 53.
Kf3 Rf7 54. Ne5 Rxf6+ 55. gxf6+ Kxf6 56. Nxc6 g5 57. hxg5+ Kxg5 58. Na7 h4 59.
Nc8 Bb8 60. Ne7 h3 61. Nxd5 h2 62. Kg2 Kf5 63. Ne7+ Ke4 64. Nc6 {
Scoresheet may be inaccurate after move 55 - Black eventually won.} 0-1

[Event "Kaptsan mem."]
[Site "Winnipeg CAN"]
[Date "2018.11.18"]
[Round "4.2"]
[White "Abioye, Yemi"]
[Black "Samson, Larry"]
[Result "1-0"]
[WhiteElo "1886"]
[BlackElo "1613"]
[PlyCount "115"]
[EventDate "2018.11.17"]
[EventType "swiss"]
[EventRounds "5"]
[EventCountry "CAN"]

1. e4 c5 2. Nf3 Nc6 3. d4 cxd4 4. Nxd4 Qc7 5. Nc3 e6 6. Ndb5 Qb8 7. a3 a6 8.
Nd4 Nf6 9. Be3 Qc7 10. f3 Be7 11. Qd2 O-O 12. g4 d6 13. O-O-O Ne5 14. h4 b5 15.
h5 Nfd7 16. g5 Nb6 17. f4 Nec4 18. Bxc4 Nxc4 19. Qd3 Nxe3 20. Qxe3 Bb7 21. f5
Qc5 22. Qg3 e5 23. Nb3 Qc7 24. f6 Bd8 25. Nd5 Bxd5 26. Rxd5 Re8 27. fxg7 Re6
28. g6 fxg6 29. h6 Rf6 30. Nd2 Rc8 31. Qb3 Qf7 32. Kb1 Rc6 33. Qd3 Bc7 34. Nf1
Rf3 35. Ne3 Qf4 36. Rf1 Rxf1+ 37. Qxf1 Qxf1+ 38. Nxf1 Bd8 39. Ne3 Bg5 40. Ng4
Be7 41. b3 Rc3 42. Rd3 Rc8 43. Rf3 Bg5 44. Nf6+ Bxf6 45. Rxf6 g5 46. Kc1 Rd8
47. Kd2 d5 48. Ke3 d4+ 49. Kf3 a5 50. Kg4 b4 51. axb4 axb4 52. Kxg5 Re8 53. Kf5
Rd8 54. Rb6 Kf7 55. Rb7+ Kg8 56. Rxb4 Kf7 57. Rb7+ Kg8 58. Re7 1-0